01673nam a2200193 a 4500090001600000041000800016100004300024245023100067260006300298300001100361520087000372650002501242650002601267650002501293650003401318650005201352662006001404999001501464 aIAVHb00655 aspa aArboleda Obando, María Ofelia992533 aMarco estratégico para la planificación y manejo ambiental de los ecosistemas compartidos de páramo, subpáramo y bosque alto andino en la Unidad Biogeográfica de Santurbán en la jurisdicción de la CDMB y CORPONOR aBogotábInstituto Alexander von HumboldtbCORPONORc2002 a345 p. aEste documento hace parte del desarrollo del convenio de cooperación entre el Instituto Humboldt y la corporación autónoma regional de la frontera nororiental -CORPONOR y se centra en presentar la propuesta para la definición de áreas protegidas en la Unidad Biogeográfica de Santurbán. Esta propuesta consta de dos partes principales, la primera es un análisis del documento Estudios de caracterización y zonificación ambiental de la unidad biogeográfica de Santurbán-CORPONOR, y la segunda presenta una propuesta elaborada por el Instituto Humboldt para el establecimiento de áreas protegidas en Santurbán y pretende ser una aproximación qu debe ser un paso inical para la consolidación de un sistema de áres que garantice la conservación y manejo sostenible en la zona de gran importancia tanto a nivel regional como nacional. aBiodiversidad992204 aConservación992401 aAreas protegidas978 aZonificación ambiental9229 aUso sostenible de los recursos naturales992539 aColombiacUnidad Biogeográfica SanturbánbSantander c6156d6156